| 000 | 00740cas a22002535a 4500 | ||
|---|---|---|---|
| 001 | L09536973 | ||
| 008 | 070619c1993 xxkmr p 0 a0eng | ||
| 022 | _a0953-6973 | ||
| 035 | _a(Sirsi) u99095 | ||
| 041 | _aeng | ||
| 110 |
_aRoyal Institute of British Architects _92527 |
||
| 245 | 0 | 0 | _aRIBA Journal |
| 260 |
_aLondon _bRIBA _c1993- |
||
| 362 | 0 | _aLondon: current year only | |
| 510 | 2 |
_aKnowledge Alert _c2006- |
|
| 520 | _aKept for one year | ||
| 520 | _aWebsite includes a searchable archive of short article abstracts from 1999 to current issue. | ||
| 554 | _a12 per year | ||
| 651 | 4 | _aInternational | |
| 690 | _aBUILT ENVIRONMENT | ||
| 856 | _uhttps://www.ribajournal.com/ | ||
| 942 | _n0 | ||
| 948 | _c03/02/1994 | ||
| 999 |
_c118651 _d118651 |
||